000
00326nam a2200133Ia 4500
008
240624s9999 xx 000 0 und d
041
_a
eng
082
_a
005.57 DAL
100
_a
QUANTUMPM
245
_a
MICROSOFT PROJECT 2010 IN DEPTH
260
_c
2011
_a
USA
_b
QUE
300
_a
xviii, : 959 : p. : cm. ; 23
365
_c
_b
30
999
_c
19641
_d
19641